Protección legal del adulto mayor

Uloženo v:
Podrobná bibliografie
Hlavní autor: Silva Montes, Rodrigo (autor)
Médium: Neznámo
Jazyk:angličtina
Vydáno: Santiago, Chile. Jurídica de Chile, 2021
Vydání:Primera edición
Témata:
Tagy: Přidat tag
Žádné tagy, Buďte první, kdo vytvoří štítek k tomuto záznamu!

MARC

LEADER 00000 a2200000 4500
003 CL-VaPUC
005 20220309111533.0
008 211102b2021 ||||| |||| 00| 0 eng d
999 |c 433832  |d 433830 
020 |a 9789561026032 
040 |c Pontificia Universidad Católica de Valparaíso 
082 0 4 |2 21  |a 323.354 SIL 2021 
100 1 |a Silva Montes, Rodrigo   |9 863835  |e autor 
245 1 0 |a Protección legal del adulto mayor 
250 |a Primera edición  
260 |a Santiago, Chile.  |b  Jurídica de Chile,   |c 2021 
300 |a 204 páginas  
583 |k Cristina María Rojas Aguilar  |c 20211102 
610 |a SERNAM  |9 866038 
610 |a Convención Interamericana  |9 866039 
650 1 |a Derechos del adulto mayor  |x Derecho de familia  |9 866040 
942 |2 ddc  |c BK 
952 |0 0  |1 0  |2 ddc  |4 0  |6 323_354000000000000_SIL_2021  |7 0  |8 A  |9 579128  |a BIBDER  |b BIBDER  |d 2021-11-02  |e 22  |g 28000.00  |i 5624959  |l 11  |m 5  |o 323.354 SIL 2021  |p 5624959  |r 2024-10-10  |s 2024-10-10  |t 1  |v 28000.00  |w 2021-11-02  |y BK  |k DER